000 00869nam a2200241 i 4500
001 30635
003 ES-MaACL
005 20251011063056.0
007 t|
008 030127s1968 sp ||||1| spa d
080 _a571.72(46-11)
080 _a75.031.1(46-11)
100 1 _aBeltrán, Antonio,
_d1916-2006
_927333
245 1 0 _aArte rupestre levantino /
_cAntonio Beltrán Martínez.
260 _aZaragoza :
_bFacultad de Filosofía y Letras, Seminario de Prehistoria y Protohistoria,
_c1968.
300 _a256 p., 38 lám. :
_bil. ;
_c23 cm.
490 1 _aMonografías arqueológicas ;
_v4
650 4 _aPintura rupestre-
_zEspaña oriental.
_9199319
710 2 _aUniversidad de Zaragoza.
_bFacultad de Filosofía y Letras.
_9169928
830 1 0 _aMonografías arqueológicas
_v4
_9181361
852 _aES-MaACL
_jC-36195
999 _c30635
_d30635